00000000nas##2200000za#4500
0019.508599
003CaOODSP
00520200325101222
007ta
008150406c1991||||xxc|| p #||||f|   |0fre|d
022 |a1183-1073
040 |aCaOODSP|bfre
041 |aeng
041 |afre
043 |an-cn---
0861 |aNM95-29
1101 |aCanada.|bMusées nationaux du Canada. |bMusée national des sciences et de la technologie.
24510|aRevue d'histoire de la culture matérielle
260 |aOttawa - Ontario : |bMusées nationaux du Canada.
310 |aDeux fois par année
546 |aTexte en français ou en anglais, avec r?0sumés dans l'autre langue
563 |aCouverture souple
791 |tMaterial history review |eeng|w(CaOODSP)9.508598